South American Countries by Demonyms - Map Quiz - Statistics

General Stats
  • This quiz has been taken 511 times
  • The average score is 12 of 14
Answers on the Map
Answers color-coded by a green-red scale on the quiz's map according to % correct below.
 
Answer Stats
Answer % Correct
Brazilian
97%
Chilean
95%
Argentine
93%
Colombian
90%
Falkland Island
90%
Bolivian
89%
Ecuadorian
89%
Venezuelan
88%
Paraguayan
87%
Peruvian
87%
Uruguayan
87%
French Guianese
86%
Surinamese
80%
Guyanese
73%
No matching quizzes found
Score Distribution
Percent of People with Each Score
Percentile by Number Answered
Your Score History
You have not taken this quiz